| 000 | 00438cam a2200169ua 4500 | ||
|---|---|---|---|
| 020 | _c2.50 | ||
| 041 |
_amal _h |
||
| 082 |
_a494.812 _bKUT/VR |
||
| 100 | _aKuttikrishna, Marar . | ||
| 245 |
_aVrithasilpam / _cKuttikrishna Marar. _hTextual Documents |
||
| 260 |
_aCalicut : _bMathrubhumi Printing & Publishing Companty Ltd , _c1958. |
||
| 300 | _a168 ; . | ||
| 365 | _a2.50 | ||
| 504 | _a | ||
| 942 | _cBK | ||
| 999 |
_c4760 _d4760 |
||